Statystyki dla Nazwij pasujące państwo według waluty

Kliknij tutaj aby rozwiązać quiz!

Ogólne statystyki

  • Ten quiz został rozwiązany 13 604 razy
  • Średni wynik to 13 z 23

Statystyki odpowiedzi

Waluta#Państwa% Poprawnych
Dolar35
Antigua i Barbuda | Australia | Bahamy | Barbados | Belize | Brunei | Dominika | Ekwador | Fidżi | Grenada | Gujana | Jamajka | Kanada | Kiribati | Liberia | Mikronezja | Namibia | Nauru | Nowa Zelandia | Palau | Panama | Saint Kitts i Nevis | Saint Lucia | Saint Vincent i Grenadyny | Salwador | Singapur | Stany Zjednoczone | Surinam | Tajwan | Timor Wschodni | Trynidad i Tobago | Tuvalu | Wyspy Marshalla | Wyspy Salomona | Zimbabwe
100%
Euro26Andora | Austria | Belgia | Chorwacja | Cypr | Czarnogóra | Estonia | Finlandia | Francja | Grecja | Hiszpania | Holandia | Irlandia | Kosowo | Litwa | Luksemburg | Łotwa | Malta | Monako | Niemcy | Portugalia | San Marino | Słowacja | Słowenia | Watykan | Włochy
99%
Frank22Benin | Burkina Faso | Burundi | Czad | Demokratyczna Republika Konga | Dżibuti | Gabon | Gwinea | Gwinea Bissau | Gwinea Równikowa | Kamerun | Komory | Kongo | Liechtenstein | Mali | Niger | Republika Środkowoafrykańska | Rwanda | Senegal | Szwajcaria | Togo | Wybrzeże Kości Słoniowej
92%
Korona
5Czechy | Dania | Islandia | Norwegia | Szwecja
91%
Funt6Egipt | Liban | Sudan | Sudan Południowy | Syria | Wielka Brytania
90%
Złoty1Polska
90%
Rubel2Białoruś | Rosja
83%
Peso8Argentyna | Chile | Dominikana | Filipiny | Kolumbia | Kuba | Meksyk | Urugwaj
81%
Jen1Japonia
72%
Rupia8Indonezja | Indie | Malediwy | Mauritius | Nepal | Pakistan | Seszele | Sri Lanka
57%
Juan1Chiny
56%
Dinar10Algieria | Bahrajn | Irak | Iran | Jordania | Kuwejt | Libia | Macedonia Północna | Serbia | Tunezja
50%
Won2Korea Południowa | Korea Północna
45%
Lira1Turcja
41%
Boliwar1Wenezuela
33%
Rial5Arabia Saudyjska | Iran | Jemen | Katar | Oman
32%
Szekel1Izrael
31%
Dong1Wietnam
31%
Bat1Tajlandia
26%
Real1Brazylia
20%
Bitcoin2Republika Środkowoafrykańska | Salwador
18%
Szyling4Kenia | Somalia | Tanzania | Uganda
17%
Rand1Południowa Afryka
12%

Rozkład punktacji

Percentyl według liczby udzielonych odpowiedzi

Procent ludzi z każdym wynikiem

Twoja historia wyników

Nie rozwiązałeś tego quizu